| 000 | 00540nam a22001937a 4500 | ||
|---|---|---|---|
| 003 | KOHA_MİRAKIL | ||
| 005 | 20250929115558.0 | ||
| 008 | 250929b tu ||||| |||| 00| 0 tur d | ||
| 020 | _a9786254054556 | ||
| 040 |
_aTR-AnABB _btur _cTR-AnABB |
||
| 041 | _atur | ||
| 082 |
_a793.2 _b JAM 2021 |
||
| 100 | 1 | _aJames, Loan, | |
| 245 | 1 | 0 |
_aBüyük mühendisler / _cloan James |
| 260 |
_aİstanbul : _bTürkiye İş Bankası Kültür Yayınları, _c2021 |
||
| 300 |
_a312 sayfa ; _c21 cm |
||
| 650 | 0 | 0 | _aBiyografi |
| 942 |
_2ddc _cBK |
||
| 999 |
_c8961 _d8961 |
||
| 900 | _bGizem YORULMAZ | ||